LIBRARY & INFORMATION CENTRE, KCAET, TAVANUR

ONLINE PUBLIC ACCESS CATALOGUE (OPAC)

Nammude sahithyakaranmar, vol- 4 / (Record no. 3899)

MARC details
000 -LEADER
fixed length control field 00526cam a2200205ua 4500
041 ## - LANGUAGE CODE
Language code of text/sound track or separate title mal
082 ## - DEWEY DECIMAL CLASSIFICATION NUMBER
Classification number 928.94812
Item number KUN/NA
100 ## - MAIN ENTRY--AUTHOR NAME
Personal name Kunhukrishnan, Pallippattu .
245 ## - TITLE STATEMENT
Title Nammude sahithyakaranmar, vol- 4 /
250 ## - EDITION STATEMENT
Edition statement 1 /
260 ## - PUBLICATION, DISTRIBUTION, ETC. (IMPRINT)
Place of publication Kottayam :
Name of publisher National Book Stall ,
Year of publication 1960.
300 ## - PHYSICAL DESCRIPTION
Number of Pages 135 ; .
942 ## - ADDED ENTRY ELEMENTS (KOHA)
Koha item type Books
Holdings
Withdrawn status Lost status Damaged status Home library Current library Date acquired Full call number Accession Number Koha item type
      KAUAET KAUAET 07/04/2012 928.94812 151 Books
Withdrawn     KAUAET Malayalam University 07/04/2012 928.94812 148 Books
Withdrawn     KAUAET Malayalam University 07/04/2012 928.94812 145 Books
free website counter